书目信息 |
| 题名: |
特高压直流平波电抗器运行状态研究
|
|
| 作者: | 陈图腾 编著 | |
| 分册: | ||
| 出版信息: | 北京 中国水利水电出版社 2016.04 |
|
| 页数: | 254页 | |
| 开本: | 26cm | |
| 丛书名: | ||
| 单 册: | ||
| 中图分类: | TM478 | |
| 科图分类: | ||
| 主题词: | 电抗器 | |
| 电子资源: | ||
| ISBN: | 978-7-5170-3861-0 | |
| 000 | 00624nam0 2200193 450 | |
| 001 | 963 | |
| 005 | 20160912084641.35 | |
| 010 | @a978-7-5170-3861-0@b平装@dCNY48.00 | |
| 100 | @a20160725d2016 km y0chiy0120 ea | |
| 101 | 0 | @achi |
| 102 | @aCN@b110000 | |
| 200 | 1 | @a特高压直流平波电抗器运行状态研究@Ate gao ya zhi liu ping bo dian kang qi yun xing zhuang tai yan jiu@f陈图腾编著@Fchen tu teng bian zhu |
| 210 | @a北京@c中国水利水电出版社@d2016.04 | |
| 215 | @a254页@d26cm | |
| 606 | 0 | @a电抗器 |
| 690 | @aTM478@v4 | |
| 701 | 0 | @a陈图腾@Achen tu teng@4编著 |
| 801 | 0 | @aCN@b唐山师范学院图书馆@c20151002 |
| 905 | @aZUCC@dTM478@e24 | |
| 特高压直流平波电抗器运行状态研究/陈图腾编著.-北京:中国水利水电出版社,2016.04 |
| 254页;26cm |
| ISBN 978-7-5170-3861-0(平装):CNY48.00 |
| ● |
| 相关链接 |
|
|
|
|
正题名:特高压直流平波电抗器运行状态研究
索取号:TM478/24
 
预约/预借
| 序号 | 登录号 | 条形码 | 馆藏地/架位号 | 状态 | 备注 |
| 1 | 904040 | 209040401 | 第二样本阅览室/ [索取号:TM478/24] | 在馆 | |
| 2 | 904041 | 209040410 | 第三借阅区/ [索取号:TM478/24] | 在馆 | |
| 3 | 904042 | 209040429 | 第三借阅区/ [索取号:TM478/24] | 在馆 | |
| 4 | 904043 | 209040438 | 第三借阅区/ [索取号:TM478/24] | 在馆 | |
| 5 | 904044 | 209040447 | 第三借阅区/ [索取号:TM478/24] | 在馆 |